1002 1523 1560 1394 1758 1258 1274 1640 1069 1914 1712 1977 1883 1385 1154 1372 1742 1534 1792 1169 1677 1404 1064 1567 1740 1296 1464 1176 1043 1778 1955 1355 1044 1999 1818 1386 1595 1446 1834 1793 1494 1025 1360 1304 1763 1603 1231 1414 1848 1111 1580 1160 1287 1834 1620 1695 1714 1071 1923 1479 1457 1403 1039 1964 1229 1552 1572 1984 1319 1980 1443 1052 1395 1232 1499 1002 1793 1644 1222 1719 1681 1261 1984 1111 1061 1241 1766 1663 1417 1478 1606 1872 1886 1231 1121 1560 1220 1056 1065 BCNSPRNW ULIB Ver.6.0+V

เปลี่ยนเป็นภาษาไทย

Change to English
 แสดงรายละเอียดบรรณานุกรม
  กลับหน้าหลัก

Brief Record : Get Marc (ISO 2709) : E-mail record : QR code < ปิดหน้าต่าง
LEADER : 00000nam 2200000uu 4500
001    13399111324
003     ULIB
008    110622s2549||||th 000 0 tha d
020    9741335423
050  0 QC21.2^bฟ459 2549
100 0  คณาจารย์ภาควิชาฟิสิกส์ คณะวิทยาศาสตร์ จุฬาลงกรณ์มหาวิทยาลัย
245 00 ฟิสิกส์ 1/^cเขียนโดยคณาจารย์ภาควิชาฟิสิกส์ คณะวิทยาศาสตร์ จุฬาลงกรณ์มหาวิทยาลัย
250    พิมพ์ครั้งที่ 14
260    กรุงเทพฯ:^bจุฬาลงกรณ์มหาวิทยาลัย,^c2549
300    400 หน้า
650  0 ฟิสิกส์1
945    ^p150^l0^i14095
945    ^p150^l0^i14094
995    กัณชพร
999 ^a ใช้งานได้ทุกระบบ
รายการนี้ยังไม่มีแท็ก
คุณยังไม่ได้ล็อกอิน คุณสามารถมีกิจกรรมร่วมกับเว็บไซต์ได้ แต่ต้องล็อกอินก่อน ::
  ล็อกอิน

รายการสื่อสารสนเทศ

ลำดับที่ ประเภท เลขเรียก/บาร์โค้ด สถานที่ สถานะ
- ไม่พบข้อมูล -

รายการใกล้เคียง
    ผู้แต่ง [คณาจารย์ภาควิชาฟิสิกส์ คณะวิทยาศาสตร์ จุฬาลงกรณ์มหาวิทยาลัย]

    หัวเรื่อง [ฟิสิกส์1]

BibComment


ยังไม่เคยถูกคอมเมนท์

คอมเมนท์ทรัพยากรรายการนี้
  คอมเมนท์: ฟิสิกส์ 1 เขียนโด..


 Copyright 2026. Bcnsprnw @Library